[Event "San Francisco TNM Winter op"]
[Site "San Francisco"]
[Date "2010.01.19"]
[Round "3"]
[White "Klinetobe, David"]
[Black "Argishti, Dante"]
[Result "0-1"]
[WhiteElo "2043"]
[BlackElo "2026"]
[PlyCount "104"]
[EventDate "2010.01.05"]
[EventType "swiss"]
[EventRounds "8"]
[EventCountry "USA"]
[SourceTitle "EXT 2012"]
[Source "ChessBase"]
[SourceDate "2011.11.24"]
[SourceVersion "1"]
[SourceVersionDate "2011.11.24"]
[SourceQuality "1"]

1. e4 c5 2. Nf3 d6 3. d4 cxd4 4. Nxd4 Nf6 5. Nc3 a6 6. Bg5 e6 7. Qd3 Be7 8. f4 Nbd7 9. Be2 0-0 10. 0-0-0 Qc7 11. g4 b5 12. Bxf6 Bxf6 13. g5 Nc5 14. Qe3 Be7 15. a3 Rb8 16. b4 Na4 17. Nxa4 bxa4 18. Rd3 Bb7 19. Rc3 Qb6 20. h4 Rbc8 21. Rxc8 Rxc8 22. Rh3 Qc7 23. c3 e5 24. fxe5 dxe5 25. Nf5 Bf8 26. Kb2 Qc6 27. c4 Rd8 28. Bd3 Bc8 29. Rg3 Be6 30. Qf3 Bxf5 31. exf5 Qd6 32. Qe4 a5 33. c5 Qb8 34. Kc3 Rd4 35. Qe3 axb4+ 36. axb4 Qxb4+ 37. Kc2 a3 38. Qc1 e4 39. Be2 Qxc5+ 40. Rc3 Qxf5 41. Kb1 Rb4+ 42. Ka1 Rb8 43. Bc4 Qe5 44. Ka2 Rb2+ 45. Ka1 g6 46. Bxf7+ Kxf7 47. Rc7+ Kg8 48. Qc4+ Kh8 49. Rxh7+ Kxh7 50. Qf7+ Bg7 51. Qxg6+ Kxg6 52. h5+ Kxg5 0-1

[Event "San Francisco TNM Winter op"]
[Site "San Francisco"]
[Date "2010.01.05"]
[Round "2"]
[White "Argishti, Dante"]
[Black "Periwal, Prashant"]
[Result "1-0"]
[WhiteElo "2026"]
[BlackElo "1839"]
[PlyCount "49"]
[EventDate "2010.01.05"]
[EventType "swiss"]
[EventRounds "8"]
[EventCountry "USA"]
[SourceTitle "EXT 2012"]
[Source "ChessBase"]
[SourceDate "2011.11.24"]
[SourceVersion "1"]
[SourceVersionDate "2011.11.24"]
[SourceQuality "1"]

1. c4 Nf6 2. Nc3 d5 3. cxd5 Nxd5 4. e4 Nxc3 5. bxc3 c5 6. d4 cxd4 7. cxd4 Nc6 8. d5 Ne5 9. Qd4 Ng6 10. Ba3 e5 11. Qc3 Bd6 12. Nf3 Qe7 13. Bxd6 Qxd6 14. Bb5+ Bd7 15. Bxd7+ Kxd7 16. 0-0 Rac8 17. Qb3 Qa6 18. Rac1 f6 19. Nxe5+ fxe5 20. Qh3+ Ke7 21. Rxc8 Rxc8 22. Qxc8 Nf4 23. Rb1 Qxa2 24. Rxb7+ Kf6 25. Qf5# 1-0

[Event "San Francisco TNM Winter op"]
[Site "San Francisco"]
[Date "2010.01.05"]
[Round "2"]
[White "Gonda, Thomas A"]
[Black "Argishti, Dante"]
[Result "0-1"]
[WhiteElo "1637"]
[BlackElo "2026"]
[PlyCount "52"]
[EventDate "2010.01.05"]
[EventType "swiss"]
[EventRounds "8"]
[EventCountry "USA"]
[SourceTitle "EXT 2012"]
[Source "ChessBase"]
[SourceDate "2011.11.24"]
[SourceVersion "1"]
[SourceVersionDate "2011.11.24"]
[SourceQuality "1"]

1. c4 Nf6 2. Nc3 e6 3. Nf3 d5 4. e3 Be7 5. b3 0-0 6. Bb2 b6 7. d4 Bb7 8. Bd3 Nbd7 9. 0-0 c5 10. Ne5 dxc4 11. bxc4 Bd6 12. f4 cxd4 13. exd4 g6 14. h4 Nh5 15. Nxd7 Qxd7 16. Ne4 Bxe4 17. Bxe4 Rac8 18. f5 Qc7 19. g4 Bh2+ 20. Kh1 Ng3+ 21. Kxh2 Nxf1+ 22. Kg1 Qh2+ 23. Kxf1 Qxb2 24. Rb1 Qxa2 25. f6 Qxc4+ 26. Kg1 Rcd8 0-1

[Event "San Francisco TNM Fall op"]
[Site "San Francisco"]
[Date "2009.11.24"]
[Round "6"]
[White "Argishti, Dante"]
[Black "Trestor, David"]
[Result "1-0"]
[WhiteElo "2032"]
[BlackElo "1656"]
[PlyCount "107"]
[EventDate "2009.10.20"]
[EventType "swiss"]
[EventRounds "9"]
[EventCountry "USA"]
[SourceTitle "EXT 2012"]
[Source "ChessBase"]
[SourceDate "2011.11.24"]
[SourceVersion "1"]
[SourceVersionDate "2011.11.24"]
[SourceQuality "1"]

1. c4 Nf6 2. Nf3 g6 3. Nc3 d5 4. e3 Bg7 5. cxd5 Nxd5 6. Bc4 Nb6 7. Bb3 e5 8. Qe2 0-0 9. a3 Nc6 10. 0-0 Re8 11. Ne4 Be6 12. Bxe6 Rxe6 13. Nc5 Rf6 14. b4 e4 15. Nxe4 Rxf3 16. gxf3 Bxa1 17. d4 Nxd4 18. exd4 Qxd4 19. Qa2 Qg7 20. Bg5 Bd4 21. Rd1 h6 22. Bxh6 Bxf2+ 23. Qxf2 Qxh6 24. Nf6+ Kg7 25. Qd4 Qg5+ 26. Ng4+ f6 27. Qc5 f5 28. Re1 Kf7 29. Qxc7+ Kf8 30. Qd6+ Kf7 31. Qe6+ Kf8 32. Qe5 Kf7 33. Kh1 Qh4 34. Rc1 Rc8 35. Rc7+ Rxc7 36. Qxc7+ Ke6 37. Qe5+ Kf7 38. Qf4 Ke6 39. Qe3+ Kd6 40. Qe5+ Kd7 41. Nf6+ Kd8 42. Qe8+ Kc7 43. Qe7+ Kc8 44. Nd5 Qxe7 45. Nxe7+ Kd7 46. Nxg6 Ke6 47. Kg2 Nd5 48. Kg3 Kf6 49. Nf4 Ne7 50. h4 b5 51. Kf2 Ke5 52. Ke3 Ng8 53. h5 a6 54. Nd3+ 1-0

[Event "San Francisco TNM Max Wilkerson op"]
[Site "San Francisco"]
[Date "2009.09.22"]
[Round "8"]
[White "Manvelyan, Hovik"]
[Black "Argishti, Dante"]
[Result "0-1"]
[WhiteElo "1951"]
[BlackElo "2046"]
[PlyCount "104"]
[EventDate "2009.08.03"]
[EventType "swiss"]
[EventRounds "9"]
[EventCountry "USA"]
[SourceTitle "EXT 2012"]
[Source "ChessBase"]
[SourceDate "2011.11.24"]
[SourceVersion "1"]
[SourceVersionDate "2011.11.24"]
[SourceQuality "1"]

1. d4 Nf6 2. Nf3 d5 3. c4 c6 4. Nc3 e6 5. Bg5 Qa5 6. Bxf6 gxf6 7. e3 Nd7 8. a3 dxc4 9. Bxc4 Nb6 10. Be2 Nd5 11. Qa4 Qxa4 12. Nxa4 Rg8 13. g3 Bd6 14. Nc3 Nxc3 15. bxc3 e5 16. Bd3 h5 17. Nh4 Rg5 18. f4 exf4 19. exf4 Ra5 20. 0-0 Rxa3 21. Rfe1+ Kf8 22. Rxa3 Bxa3 23. Re2 b5 24. Ra2 b4 25. cxb4 Bxb4 26. Be4 Bb7 27. Bf3 a5 28. Bxh5 c5 29. Bf3 Bxf3 30. Nxf3 cxd4 31. Kf2 Rd8 32. Nd2 Ke7 33. Ke2 d3+ 34. Ke3 Ke6 35. Nb3 Kf5 36. h3 Rh8 37. Nd4+ Kg6 38. Kxd3 Rxh3 39. Ne2 Kf5 40. Rc2 Be1 41. Rc5+ Kg6 42. Rc1 Bb4 43. Ke3 Rh8 44. Rc2 Ra8 45. Nc1 Re8+ 46. Kf3 Rd8 47. Re2 Rd1 48. Na2 Rf1+ 49. Kg2 Rb1 50. Kf3 Be1 51. Kg2 a4 52. Kh3 f5 0-1

[Event "San Francisco TNM Max Wilkerson op"]
[Site "San Francisco"]
[Date "2009.09.01"]
[Round "5"]
[White "Luke, Gary"]
[Black "Argishti, Dante"]
[Result "1-0"]
[WhiteElo "1817"]
[BlackElo "2046"]
[PlyCount "97"]
[EventDate "2009.08.03"]
[EventType "swiss"]
[EventRounds "9"]
[EventCountry "USA"]
[SourceTitle "EXT 2012"]
[Source "ChessBase"]
[SourceDate "2011.11.24"]
[SourceVersion "1"]
[SourceVersionDate "2011.11.24"]
[SourceQuality "1"]

1. e4 e6 2. d4 d5 3. Nd2 Nf6 4. Bd3 c5 5. dxc5 Bxc5 6. Ngf3 Nbd7 7. 0-0 Qc7 8. Qe2 a6 9. h3 dxe4 10. Nxe4 Nxe4 11. Bxe4 Nf6 12. Bd3 Qb6 13. c3 Bd7 14. Bg5 h6 15. Bf4 Bc6 16. Ne5 0-0 17. b4 Be7 18. Nc4 Qd8 19. Rfd1 Bd5 20. Ne5 Qb6 21. Be3 Qc7 22. Bd4 Rad8 23. Qe3 Ra8 24. c4 Bc6 25. a3 Ba4 26. Rdc1 Rfe8 27. Bb6 Qc8 28. Rc3 Bd6 29. f4 Nd7 30. Bd4 Nf6 31. c5 Be7 32. Nc4 Qc6 33. Qg3 Rad8 34. Be5 Rf8 35. Nd6 Bb5 36. Be4 Qd7 37. Bxb7 Nh5 38. Qf3 f6 39. Be4 fxe5 40. Qxh5 Bxd6 41. Qg6 Rf6 42. Qh7+ Kf7 43. cxd6 Qxd6 44. Bf3 Rg8 45. Rd1 Qb6+ 46. Kh1 Rxf4 47. Bh5+ Ke7 48. Qxg8 Rf8 49. Qxg7+ 1-0

[Event "San Francisco TNM Max Wilkerson op"]
[Site "San Francisco"]
[Date "2009.08.04"]
[Round "2"]
[White "Argishti, Dante"]
[Black "Salvo, Tab"]
[Result "0-1"]
[WhiteElo "2046"]
[BlackElo "1698"]
[PlyCount "114"]
[EventDate "2009.08.03"]
[EventType "swiss"]
[EventRounds "9"]
[EventCountry "USA"]
[SourceTitle "EXT 2012"]
[Source "ChessBase"]
[SourceDate "2011.11.24"]
[SourceVersion "1"]
[SourceVersionDate "2011.11.24"]
[SourceQuality "1"]

1. d4 d6 2. c4 c5 3. Nf3 cxd4 4. Nxd4 Nf6 5. Nc3 e6 6. g3 Be7 7. Bg2 0-0 8. 0-0 a6 9. Qb3 Qc7 10. Na4 Nbd7 11. Bd2 Rb8 12. Rac1 Nc5 13. Qb6 Bd8 14. Qxc7 Bxc7 15. Nxc5 dxc5 16. Nb3 b6 17. Rfd1 Bb7 18. f3 Be5 19. Bc3 Bxc3 20. Rxc3 Rbd8 21. Rcd3 Rxd3 22. Rxd3 Rb8 23. Rd6 Ba8 24. e4 Kf8 25. e5 Ke7 26. a4 a5 27. Nd2 Ne8 28. Rd3 f5 29. g4 g6 30. gxf5 exf5 31. f4 Bxg2 32. Kxg2 Rd8 33. Rxd8 Kxd8 34. Nf3 Ke7 35. Ng5 h6 36. Nf3 Ng7 37. Kg3 Nh5+ 38. Kf2 Nxf4 39. Ke3 g5 40. Z0 Ke6 41. h4 Ng6 42. hxg5 hxg5 43. Z0 g4 44. Ng5+ Kxe5 45. Nf7+ Ke6 46. Nd8+ Kd7 47. Nf7 Ke7 48. Ng5 Kf6 49. Nh7+ Ke5 50. Ng5 f4+ 51. Kd3 g3 52. Nf3+ Kf5 53. Ng1 Ne5+ 54. Kc3 Ke4 55. b3 f3 56. Kd2 f2 57. Ne2 f1Q 0-1

[Event "San Francisco TNM Summer op"]
[Site "San Francisco"]
[Date "2009.07.14"]
[Round "8"]
[White "Argishti, Dante"]
[Black "Fuentes, Romulo C"]
[Result "0-1"]
[WhiteElo "2046"]
[BlackElo "2093"]
[PlyCount "92"]
[EventDate "2009.05.26"]
[EventType "swiss"]
[EventRounds "8"]
[EventCountry "USA"]
[SourceTitle "EXT 2012"]
[Source "ChessBase"]
[SourceDate "2011.11.24"]
[SourceVersion "1"]
[SourceVersionDate "2011.11.24"]
[SourceQuality "1"]

1. d4 Nf6 2. c4 e6 3. Nc3 c5 4. d5 exd5 5. cxd5 Bd6 6. Nf3 0-0 7. g3 Re8 8. Bg2 a6 9. a4 Bc7 10. 0-0 d6 11. h3 Nbd7 12. Bf4 Ba5 13. Nd2 Nf8 14. Nc4 Bc7 15. e4 Ng6 16. Bg5 Rb8 17. f4 b5 18. axb5 axb5 19. Bxf6 gxf6 20. Nd2 b4 21. Ncb1 f5 22. exf5 Bxf5 23. Nc4 Qf6 24. Ra7 Rbc8 25. Qd2 Re7 26. Qf2 Rce8 27. Nbd2 Bd3 28. Rc1 Re2 29. Qf3 Qd4+ 30. Kh2 Rf2 31. Nb3 Rxf3 32. Nxd4 Rf2 33. Kg1 Rxg2+ 34. Kxg2 Bb8 35. Ra8 cxd4 36. Nb6 Kg7 37. Kf2 Re2+ 38. Kf3 Re3+ 39. Kf2 Re2+ 40. Kg1 Bc2 41. Rxb8 d3 42. Nc4 d2 43. Nxd2 Rxd2 44. Rxb4 Bd1 45. Rb7 Bf3 46. Rc3 Bxd5 0-1

[Event "San Francisco TNM Summer op"]
[Site "San Francisco"]
[Date "2009.05.26"]
[Round "1"]
[White "Argishti, Dante"]
[Black "Oca Homer, Nicolas"]
[Result "1-0"]
[WhiteElo "2046"]
[BlackElo "1685"]
[PlyCount "75"]
[EventDate "2009.05.26"]
[EventType "swiss"]
[EventRounds "8"]
[EventCountry "USA"]
[SourceTitle "EXT 2012"]
[Source "ChessBase"]
[SourceDate "2011.11.24"]
[SourceVersion "1"]
[SourceVersionDate "2011.11.24"]
[SourceQuality "1"]

1. d4 h6 2. e4 a6 3. c4 e6 4. Nf3 c5 5. d5 d6 6. Nc3 e5 7. h3 g5 8. Be3 Bg7 9. Be2 Nd7 10. Qc2 Ne7 11. Nd2 Nf6 12. 0-0-0 Ng6 13. g3 Bd7 14. Rdf1 Qc8 15. h4 Ng4 16. Bxg4 Bxg4 17. hxg5 h5 18. Na4 Qc7 19. Qb3 b5 20. cxb5 axb5 21. Qxb5+ Bd7 22. Qb6 Qc8 23. Nc3 Ra6 24. Qb3 h4 25. Nc4 Qc7 26. Nb5 Qd8 27. Ncxd6+ Kf8 28. gxh4 Rxh4 29. Rxh4 Nxh4 30. f4 Ng2 31. Bxc5 Kg8 32. fxe5 Qxg5+ 33. Kb1 Qxe5 34. Bd4 Bxb5 35. Bxe5 Bxf1 36. Bxg7 Kxg7 37. Qg3+ Kf8 38. Nf5 1-0

[Event "San Francisco TNM Fall op"]
[Site "San Francisco"]
[Date "2008.11.25"]
[Round "7"]
[White "Argishti, Dante"]
[Black "Petty, David A"]
[Result "1-0"]
[WhiteElo "1996"]
[BlackElo "1990"]
[PlyCount "61"]
[EventDate "2008.10.14"]
[EventType "swiss"]
[EventRounds "10"]
[EventCountry "USA"]
[SourceTitle "EXT 2012"]
[Source "ChessBase"]
[SourceDate "2011.11.24"]
[SourceVersion "1"]
[SourceVersionDate "2011.11.24"]
[SourceQuality "1"]

1. c4 Nf6 2. Nf3 e6 3. Nc3 d5 4. d4 c6 5. g3 Bd6 6. Bg2 Nbd7 7. Qc2 0-0 8. cxd5 exd5 9. 0-0 Re8 10. a3 Ne4 11. Nxe4 dxe4 12. Ng5 Nf6 13. Nxe4 Nxe4 14. Bxe4 Bh3 15. Rd1 g6 16. Bh6 Qe7 17. Bf3 Rad8 18. Qc1 Qc7 19. e4 Qb8 20. e5 Bc7 21. Bg5 h5 22. Bf6 Kh7 23. Qg5 Rd7 24. Bxh5 Bd8 25. Bf3 Bxf6 26. Qxf6 Rh8 27. Rac1 Be6 28. Be4 Qe8 29. h4 Kg8 30. Qf4 Qd8 31. Bf3 1-0

[Event "San Francisco TNM Fall op"]
[Site "San Francisco"]
[Date "2008.11.11"]
[Round "5"]
[White "Argishti, Dante"]
[Black "Campers, William"]
[Result "0-1"]
[WhiteElo "1996"]
[BlackElo "1611"]
[PlyCount "134"]
[EventDate "2008.10.14"]
[EventType "swiss"]
[EventRounds "10"]
[EventCountry "USA"]
[SourceTitle "EXT 2012"]
[Source "ChessBase"]
[SourceDate "2011.11.24"]
[SourceVersion "1"]
[SourceVersionDate "2011.11.24"]
[SourceQuality "1"]

1. d4 d5 2. c4 c6 3. Nf3 Nf6 4. g3 Bf5 5. Bg2 Qc8 6. Bf4 Bh3 7. Bxh3 Qxh3 8. Qb3 Qd7 9. Ne5 Qc8 10. cxd5 cxd5 11. Na3 Nc6 12. Rc1 e6 13. Nb5 Bb4+ 14. Qxb4 Nxb4 15. Nd6+ Ke7 16. Nxc8+ Rhxc8 17. 0-0 Ne4 18. b3 Nc6 19. Nxc6+ bxc6 20. f3 Nd6 21. Bxd6+ Kxd6 22. e4 f6 23. Rfd1 Rab8 24. b4 Rb5 25. Rc5 Rxc5 26. dxc5+ Ke5 27. exd5 exd5 28. Kf2 d4 29. Ke2 Kd5 30. Kd3 Re8 31. Rc1 Re3+ 32. Kd2 a6 33. a4 Rb3 34. Re1 Rxb4 35. Re7 Rxa4 36. Rxg7 Ra2+ 37. Kd3 Rxh2 38. Rf7 Ra2 39. Rxf6 Ra3+ 40. Kd2 Kxc5 41. g4 a5 42. f4 a4 43. Rh6 Rg3 44. g5 Rf3 45. Rxh7 Rxf4 46. g6 Rg4 47. Ra7 Rxg6 48. Rxa4 Kd5 49. Kd3 Rg3+ 50. Kd2 c5 51. Ra8 Kc4 52. Ra4+ Kd5 53. Ra8 Rg6 54. Kd3 c4+ 55. Kd2 Rg2+ 56. Kd1 Ke4 57. Rh8 c3 58. Rh3 Kd5 59. Rh5+ Kc4 60. Rh8 Rg3 61. Kc2 d3+ 62. Kb1 Rg1+ 63. Ka2 d2 64. Rh3 Ra1+ 65. Kxa1 d1Q+ 66. Ka2 Qb3+ 67. Ka1 Qb2# 0-1

[Event "San Francisco TNM Fall op"]
[Site "San Francisco"]
[Date "2008.11.04"]
[Round "4"]
[White "Chirila, Sergiu"]
[Black "Argishti, Dante"]
[Result "0-1"]
[WhiteElo "1636"]
[BlackElo "1996"]
[PlyCount "82"]
[EventDate "2008.10.14"]
[EventType "swiss"]
[EventRounds "10"]
[EventCountry "USA"]
[SourceTitle "EXT 2012"]
[Source "ChessBase"]
[SourceDate "2011.11.24"]
[SourceVersion "1"]
[SourceVersionDate "2011.11.24"]
[SourceQuality "1"]

1. Nf3 d5 2. d4 Nf6 3. c4 e6 4. Nc3 c6 5. cxd5 exd5 6. Bg5 Nbd7 7. e3 Bb4 8. Bd3 Qa5 9. Qc2 0-0 10. 0-0 Bd6 11. Ne2 Re8 12. Bf4 Bxf4 13. Nxf4 Ne4 14. Bxe4 dxe4 15. Nd2 Nf6 16. Nc4 Qd8 17. Ne5 Be6 18. f3 Bd5 19. Nxd5 cxd5 20. fxe4 Rc8 21. Qb3 Nxe4 22. Nxf7 Qa5 23. Qxb7 Rc7 24. Qb3 Rxf7 25. Rxf7 Kxf7 26. Qb7+ Re7 27. Rf1+ Nf6 28. Qb3 Kg6 29. Qc2+ Re4 30. Qf2 Kf7 31. b3 Qc3 32. Re1 g6 33. Kh1 Kg7 34. Rf1 Re6 35. Qf4 Qxe3 36. Qc7+ Re7 37. Qd6 Qe6 38. Qf4 Qf5 39. Qc1 Qe4 40. Qc5 Qe6 41. h3 Ne4 0-1

[Event "San Francisco TNM Fall op"]
[Site "San Francisco"]
[Date "2008.10.21"]
[Round "2"]
[White "Persidsky, Andre"]
[Black "Argishti, Dante"]
[Result "1-0"]
[WhiteElo "1828"]
[BlackElo "1996"]
[PlyCount "93"]
[EventDate "2008.10.14"]
[EventType "swiss"]
[EventRounds "10"]
[EventCountry "USA"]
[SourceTitle "EXT 2012"]
[Source "ChessBase"]
[SourceDate "2011.11.24"]
[SourceVersion "1"]
[SourceVersionDate "2011.11.24"]
[SourceQuality "1"]

1. d4 d5 2. c4 c6 3. e3 Nf6 4. Nf3 Bg4 5. Nc3 e6 6. Be2 Bd6 7. Ne5 Bf5 8. 0-0 Nbd7 9. f4 h5 10. Bd2 h4 11. c5 Be7 12. b4 Ne4 13. Nxe4 Bxe4 14. b5 Nxe5 15. fxe5 h3 16. g3 Bg2 17. Rf2 cxb5 18. Bxb5+ Kf8 19. Qg4 Kg8 20. Bd3 Qd7 21. Rb1 Rc8 22. Bb5 Qc7 23. Qf4 Rf8 24. Bd3 Qd7 25. Bb5 Qc7 26. Bd3 b6 27. cxb6 axb6 28. Be1 Qa7 29. Rc2 g6 30. Bb4 Bxb4 31. Rxb4 Qa3 32. Rb3 Qa5 33. Qf2 Rh5 34. Rbc3 Be4 35. Bxe4 dxe4 36. g4 Rh7 37. Rc8 Qb4 38. Rc1 Qa3 39. R1c3 Qe7 40. Rxf8+ Kxf8 41. Qf4 Kg7 42. Rb3 Qh4 43. Rb1 Rh8 44. Qxe4 Rc8 45. Kf1 Rc3 46. Rb3 Rc2 47. Qf3 1-0

[Event "San Francisco Chernev Memorial"]
[Site "San Francisco"]
[Date "2008.09.16"]
[Round "7"]
[White "Argishti, Dante"]
[Black "Manvelyan, Hayk"]
[Result "0-1"]
[WhiteElo "1996"]
[BlackElo "1874"]
[PlyCount "92"]
[EventDate "2008.08.05"]
[EventType "swiss"]
[EventRounds "8"]
[EventCountry "USA"]
[SourceTitle "CBM 126 Extra"]
[Source "ChessBase"]
[SourceDate "2008.11.05"]
[SourceVersion "1"]
[SourceVersionDate "2008.11.05"]
[SourceQuality "1"]

1. d4 e6 2. c4 f5 3. g3 Nf6 4. Bg2 Be7 5. Nh3 0-0 6. Nc3 d6 7. 0-0 Qe8 8. e4 fxe4 9. Nxe4 Nxe4 10. Bxe4 e5 11. Ng5 Bxg5 12. Bxg5 Nc6 13. Bd5+ Kh8 14. dxe5 Nxe5 15. f4 Bg4 16. Qd2 Nc6 17. Rae1 Qd7 18. Re3 Rae8 19. Rfe1 Rxe3 20. Qxe3 h6 21. Bh4 Bh3 22. a3 Qf5 23. Be6 Qxe6 24. Qxe6 Bxe6 25. Rxe6 Kg8 26. b4 Nd4 27. Re7 g5 28. Re4 Nf3+ 29. Kg2 Nxh4+ 30. gxh4 Rxf4 31. Rxf4 gxf4 32. Kf3 Kf7 33. Kxf4 Kf6 34. Ke4 c6 35. a4 Ke6 36. Kd4 a6 37. Ke4 d5+ 38. Kd4 b6 39. b5 axb5 40. axb5 c5+ 41. Kd3 Ke5 42. cxd5 Kxd5 43. Kc3 c4 44. Kb4 Kd4 45. Ka3 Kc3 46. h5 Kd2 0-1